Thermooxidative decomposition and its kinetics on chlorinated natural rubber latex (Record no. 71260)

MARC details
000 -LEADER
fixed length control field 00619nam a2200229Ia 4500
100 ## - MAIN ENTRY--AUTHOR NAME
Personal name Zhong J-P
245 #0 - TITLE STATEMENT
Title Thermooxidative decomposition and its kinetics on chlorinated natural rubber latex
260 ## - PUBLICATION, DISTRIBUTION, ETC. (IMPRINT)
Name of publisher Journal of Applied Polymer Science
Year of publication 2001
300 ## - PHYSICAL DESCRIPTION
Number of Pages 1305-09
500 ## - GENERAL NOTE
General note Source Year: 2001
650 ## - SUBJECT ADDED ENTRY--TOPICAL TERM
Topical Term Chlorinated NR latex
650 ## - SUBJECT ADDED ENTRY--TOPICAL TERM
Topical Term Thermooxidative decomposition
700 ## - ADDED ENTRY--PERSONAL NAME
Personal name Guo C-K
700 ## - ADDED ENTRY--PERSONAL NAME
Personal name Li S-D
700 ## - ADDED ENTRY--PERSONAL NAME
Personal name Peng Z
700 ## - ADDED ENTRY--PERSONAL NAME
Personal name Qu J-L
700 ## - ADDED ENTRY--PERSONAL NAME
Personal name Wei Y-C
700 ## - ADDED ENTRY--PERSONAL NAME
Personal name Yu H-P
856 ## - ELECTRONIC LOCATION AND ACCESS
Uniform Resource Identifier RAPRA.38(12)
942 ## - ADDED ENTRY ELEMENTS (KOHA)
Koha item type Journals
Holdings
Withdrawn status Lost status Damaged status Not for loan Home library Current library Shelving location Date acquired Serial Enumeration / chronology Koha item type
      Journals RRII Library RRII Library Rubber chemistry 01/01/2021 Volume 81, Issue 6 Journals